World Trade and Payments (Record no. 343909)
[ view plain ]
| 000 -LEADER | |
|---|---|
| fixed length control field | 00385 a2200133 4500 |
| 082 ## - DEWEY DECIMAL CLASSIFICATION NUMBER | |
| Classification number | 382 |
| 090 ## - LOCALLY ASSIGNED LC-TYPE CALL NUMBER (OCLC); LOCAL CALL NUMBER (RLIN) | |
| -- | 1387 |
| -- | 1387 |
| 100 ## - MAIN ENTRY--PERSONAL NAME | |
| Personal name | Richard E. Caves |
| 245 ## - TITLE STATEMENT | |
| Title | World Trade and Payments |
| Remainder of title | An Intruduction |
| Statement of responsibility, etc. | Richard E. Caves |
| Medium | Jeffrey A. Frankel |
| Number of part/section of a work | Ronald W. Jones |
| 250 ## - EDITION STATEMENT | |
| Edition statement | 7th |
| 260 ## - PUBLICATION, DISTRIBUTION, ETC. | |
| Place of publication, distribution, etc. | Islamabad, Pakistan |
| Name of publisher, distributor, etc. | National Book Foundation |
| 300 ## - PHYSICAL DESCRIPTION | |
| Extent | 780 |
| 942 ## - ADDED ENTRY ELEMENTS (KOHA) | |
| Institution code [OBSOLETE] | NBS |
| Koha item type | Book |
| Call number prefix | 382 CAV |
| Withdrawn status | Lost status | Damaged status | Not for loan | Permanent Location | Current Location | Date acquired | Total Checkouts | Full call number | Barcode | Date last seen | Date last checked out | Price effective from | Koha item type |
|---|---|---|---|---|---|---|---|---|---|---|---|---|---|
| Central Library (CL) | Central Library (CL) | 08/28/2013 | 1 | 382 CAV | NBSD-1030 | 11/23/2017 | 08/22/2017 | 08/28/2013 | Book |
